[Event "Mumbai Aurionpro GM op"]
[Site "Mumbai"]
[Date "2025.06.19"]
[Round "4"]
[White "Kulkarni, Vinayak"]
[Black "Siddhanth, Poonja"]
[Result "0-1"]
[WhiteElo "1994"]
[BlackElo "2167"]
[PlyCount "90"]
[EventDate "2025.06.16"]
[EventType "swiss"]
[EventRounds "9"]
[EventCountry "IND"]
[SourceTitle "CB26_2025"]
[SourceDate "2025.06.25"]
[SourceVersion "1"]
[SourceVersionDate "2025.06.25"]
[SourceQuality "1"]

1. c4 c5 2. Nc3 g6 3. g3 Bg7 4. Bg2 Nc6 5. e4 e6 6. Nge2 Nge7 7. 0-0 0-0 8. d3 b6 9. Rb1 Bb7 10. a3 d6 11. Bg5 h6 12. Be3 Nd4 13. b4 Qd7 14. Qd2 Kh7 15. f4 f5 16. Bf2 Rac8 17. b5 Rcd8 18. Nxd4 cxd4 19. Na2 fxe4 20. dxe4 e5 21. Nb4 Rc8 22. Qd3 h5 23. Be1 Ng8 24. Bd2 Bh6 25. a4 h4 26. gxh4 Qg4 27. h3 Qxh4 28. Nd5 Bxd5 29. cxd5 Bxf4 30. Bxf4 Rxf4 31. Rbc1 Rxf1+ 32. Rxf1 Nf6 33. Qa3 Rc5 34. a5 Nh5 35. axb6 axb6 36. Qa7+ Kh6 37. Qb8 Qe7 38. Qh8+ Kg5 39. Bf3 Qf6 40. Qh7 Qg7 41. Qxg7 Nxg7 42. Be2 Rc2 43. Bd1 Rc1 44. Kf2 Nh5 45. Ke2 Ng3+ 0-1

[Event "Bengaluru Namma op 2nd"]
[Site "Bengaluru"]
[Date "2025.04.16"]
[Round "8"]
[White "Siddhanth, Poonja"]
[Black "Venkatesh, Marani Rajendran"]
[Result "0-1"]
[WhiteElo "2046"]
[BlackElo "2355"]
[PlyCount "132"]
[EventDate "2025.04.10"]
[EventType "swiss"]
[EventRounds "10"]
[EventCountry "IND"]
[SourceTitle "CB18_2025"]
[SourceDate "2025.04.30"]
[SourceVersion "1"]
[SourceVersionDate "2025.04.30"]
[SourceQuality "1"]

1. c4 e5 2. g3 Nf6 3. Bg2 c6 4. d4 e4 5. d5 Bb4+ 6. Bd2 Qe7 7. a3 Bxd2+ 8. Qxd2 cxd5 9. cxd5 d6 10. Nc3 0-0 11. Rc1 Nbd7 12. b4 Nb6 13. Qf4 Re8 14. Rd1 Bd7 15. Rd4 Rac8 16. Nxe4 Nfxd5 17. Qd2 Ba4 18. Nh3 Rc2 19. Qg5 Qxg5 20. Nhxg5 Rc1+ 21. Kd2 Rc2+ 22. Kd3 f5 23. Nxd6 Rexe2 24. Rd1 Ra2 25. Bxd5+ Nxd5 26. Rc1 Red2+ 27. Kc4 Nb6+ 28. Kc3 Rxf2 29. Nc4 g6 30. Nxb6 axb6 31. Rd8+ Kg7 32. Ne6+ Kf6 33. Nf4 Rxa3+ 34. Kc4 Bc6 35. Rd6+ Ke7 36. Re6+ Kf7 37. Ree1 Rxh2 38. b5 Be4 39. Kd4 Kf6 40. Rc3 Rd2+ 41. Kc4 Rxc3+ 42. Kxc3 Rf2 43. Kd4 Rf3 44. Ne2 Rd3+ 45. Kc4 Ke5 46. Ra1 Re3 47. Nc3 Rxg3 48. Ra8 Rxc3+ 49. Kxc3 h5 50. Rg8 f4 51. Re8+ Kf5 52. Kd4 Bg2 53. Kd3 h4 54. Ke2 h3 55. Kf2 g5 56. Rf8+ Kg4 57. Rh8 Be4 58. Rh6 f3 59. Rxb6 Kf4 60. Rf6+ Bf5 61. Rh6 g4 62. Rh4 h2 63. b6 Bd3 64. Rh3 gxh3 65. Ke1 Ke3 66. Kd1 h1R# 0-1

[Event "IND-chT 44th"]
[Site "Ahmedabad"]
[Date "2025.03.10"]
[Round "8.3"]
[White "Challa, Saharsha"]
[Black "Siddhanth, Poonja"]
[Result "1/2-1/2"]
[WhiteElo "2096"]
[BlackElo "2064"]
[PlyCount "184"]
[EventDate "2025.03.05"]
[EventType "team-swiss"]
[EventRounds "9"]
[EventCountry "IND"]
[SourceTitle "CB12_2025"]
[SourceDate "2025.03.19"]
[SourceVersion "1"]
[SourceVersionDate "2025.03.19"]
[SourceQuality "1"]
[WhiteTeam "Telangana"]
[BlackTeam "Karnataka"]
[WhiteTeamCountry "IND"]
[BlackTeamCountry "IND"]

1. d4 Nf6 2. Nc3 d5 3. Bf4 g6 4. e3 Bg7 5. h4 h5 6. Nf3 0-0 7. Ne5 Bf5 8. f3 Nbd7 9. Bd3 Bxd3 10. cxd3 c5 11. dxc5 Nxc5 12. d4 Ne6 13. g4 Nxf4 14. exf4 Qb6 15. Qd2 Rfc8 16. f5 hxg4 17. fxg6 fxg6 18. Rg1 Kh7 19. h5 Nxh5 20. Rxg4 Bxe5 21. dxe5 Rf8 22. 0-0-0 Rxf3 23. Qxd5 Rf2 24. Na4 Rc8+ 25. Kb1 Qc6 26. Nc3 Qxd5 27. Rxd5 Rc6 28. Rd7 Re6 29. Re4 Rf5 30. Nd5 Rfxe5 31. Rxe5 Rxe5 32. Nxe7 Ng7 33. Nxg6 Kxg6 34. Rxb7 a6 35. b4 a5 36. bxa5 Rxa5 37. Re7 Kf6 38. Re1 Ne6 39. Kb2 Nc5 40. Re3 Kf5 41. a4 Rxa4 42. Rh3 Ke5 43. Rh5+ Kd4 44. Rh4+ Ne4 45. Rh8 Rb4+ 46. Kc2 Rb5 47. Rd8+ Ke3 48. Rc8 Rb7 49. Rc6 Kd4 50. Rc8 Nf6 51. Rd8+ Nd5 52. Rd6 Rb8 53. Rd7 Kc4 54. Rh7 Rg8 55. Rh4+ Kc5 56. Kd3 Re8 57. Kd2 Re3 58. Rh8 Rg3 59. Rh5 Kd4 60. Rh4+ Ke5 61. Rh8 Nf6 62. Ke2 Kd4 63. Rd8+ Nd5 64. Kf2 Ra3 65. Re8 Nf6 66. Rd8+ Ke4 67. Ke2 Ng4 68. Re8+ Ne5 69. Kd2 Rd3+ 70. Kc2 Rd6 71. Rh8 Nf3 72. Re8+ Kd4 73. Rc8 Ng5 74. Kd2 Nf3+ 75. Ke2 Ne5 76. Rh8 Ng6 77. Re8 Ra6 78. Rd8+ Ke4 79. Re8+ Kf4 80. Kd2 Ne5 81. Kc2 Ke4 82. Rh8 Ra3 83. Rh4+ Kd5 84. Rh5 Kd4 85. Rh4+ Kc5 86. Rh5 Ra2+ 87. Kb1 Re2 88. Rh8 Kd4 89. Rh3 Nd3 90. Rh8 Kc3 91. Rc8+ Kb3 92. Rb8+ Nb4 1/2-1/2

[Event "IND-ch U13 37th"]
[Site "Durgapur"]
[Date "2024.12.20"]
[Round "6"]
[White "Siddhanth, Poonja"]
[Black "Aadik, Theophane Lenin"]
[Result "1-0"]
[WhiteElo "2042"]
[BlackElo "1936"]
[PlyCount "89"]
[EventDate "2024.12.17"]
[EventType "swiss"]
[EventRounds "11"]
[EventCountry "IND"]
[SourceTitle "CB04_2025"]
[SourceDate "2025.01.22"]
[SourceVersion "1"]
[SourceVersionDate "2025.01.22"]
[SourceQuality "1"]

1. c4 Nf6 2. g3 g6 3. Bg2 Bg7 4. Nc3 0-0 5. e4 d6 6. Nge2 e5 7. d3 Nbd7 8. 0-0 c6 9. a4 a5 10. h3 Nc5 11. f4 exf4 12. gxf4 Re8 13. Be3 Nh5 14. Qc2 Qe7 15. Rae1 f5 16. Bf2 Qf8 17. Qd1 Be6 18. Ng3 Nxg3 19. Bxg3 Bxc3 20. bxc3 fxe4 21. f5 gxf5 22. d4 Qg7 23. Bxd6 Nd3 24. Re3 Bf7 25. Rg3 Bg6 26. c5 Qh6 27. Rxf5 Qc1 28. Qxc1 Nxc1 29. Bf1 Nd3 30. h4 Kh8 31. Rfg5 Re6 32. h5 Bf7 33. Bxd3 exd3 34. Rxd3 b5 35. axb5 cxb5 36. Be5+ Rxe5 37. Rxe5 a4 38. d5 a3 39. Rd1 Kg7 40. Rf5 a2 41. Ra1 Ra3 42. c6 Be8 43. Re5 Bf7 44. d6 Rxc3 45. d7 1-0

[Event "GEO World Cup Final U12"]
[Site "Batumi"]
[Date "2024.07.01"]
[Round "1"]
[White "Siddhanth, Poonja"]
[Black "Zhang, Haoxuan"]
[Result "1/2-1/2"]
[WhiteElo "1975"]
[BlackElo "1918"]
[PlyCount "162"]
[EventDate "2024.07.01"]
[EventType "match"]
[EventRounds "7"]
[EventCountry "GEO"]
[SourceTitle "EXT 2025"]
[Source "ChessBase"]
[SourceDate "2024.10.14"]
[SourceVersion "1"]
[SourceVersionDate "2024.10.14"]
[SourceQuality "1"]

1. c4 c5 2. g3 Nc6 3. Bg2 g6 4. Nc3 Bg7 5. Nf3 e6 6. d3 Nge7 7. Bg5 0-0 8. Qd2 d5 9. cxd5 exd5 10. Bh6 Be6 11. Bxg7 Kxg7 12. d4 b6 13. 0-0 Rc8 14. Rfd1 c4 15. h4 h6 16. Ne5 f5 17. Nxc4 dxc4 18. d5 Bf7 19. dxc6 Nxc6 20. Qd7 Qf6 21. Rd6 Ne5 22. Rxf6 Nxd7 23. Rd6 Nc5 24. Rad1 Rc7 25. Bf1 Rb8 26. Nb5 Re7 27. Nd4 Rc8 28. Bg2 Na4 29. Rd2 c3 30. bxc3 Nxc3 31. h5 Rce8 32. hxg6 Bxg6 33. Bc6 Ne4 34. Bxe4 fxe4 35. e3 Rf7 36. Rc2 Bf5 37. Rcc6 h5 38. Rh6 Rh8 39. Rxh8 Kxh8 40. Rh6+ Kg7 41. Rxh5 Bg6 42. Rd5 Re7 43. Rd6 Rb7 44. Ne6+ Kg8 45. Nd8 Rg7 46. Nc6 Bf5 47. Rd8+ Kh7 48. Ra8 Rc7 49. Nd4 Bg4 50. Re8 Bf3 51. Nxf3 exf3 52. g4 Rc4 53. Re7+ Kg6 54. Rxa7 Rxg4+ 55. Kf1 Rb4 56. Ke1 Rb2 57. e4 Re2+ 58. Kf1 Rxe4 59. Ra3 Rf4 60. Rb3 Rf6 61. Kg1 Kg5 62. Kh2 Kf4 63. Rb4+ Ke5 64. Kg3 Kd5 65. Rf4 Rh6 66. a4 Ke5 67. Rxf3 Rg6+ 68. Kh4 Ke4 69. Rg3 Rf6 70. Re3+ Kf4 71. Kh5 Rf5+ 72. Kg6 Ra5 73. Rh3 Kg4 74. Rg3+ Kf4 75. Rb3 Rxa4 76. Rxb6 Kf3 77. Rb2 Rg4+ 78. Kf5 Rg2 79. Rb3+ Kxf2 80. Kf4 Rg8 81. Rb2+ Ke1 1/2-1/2

[Event "Asia-ch U12"]
[Site "Almaty"]
[Date "2024.06.19"]
[Round "9"]
[White "Siddhanth, Poonja"]
[Black "Aadik, Theophane Lenin"]
[Result "1-0"]
[WhiteElo "1958"]
[BlackElo "1852"]
[PlyCount "78"]
[EventDate "2024.06.12"]
[EventType "swiss"]
[EventRounds "9"]
[EventCountry "KAZ"]
[SourceTitle "EXT 2025"]
[Source "ChessBase"]
[SourceDate "2024.10.14"]
[SourceVersion "1"]
[SourceVersionDate "2024.10.14"]
[SourceQuality "1"]
[WhiteTeam "IND"]
[BlackTeam "IND"]

1. d4 Nf6 2. Bf4 g6 3. Nc3 d5 4. e3 Bg7 5. h4 h5 6. Nf3 0-0 7. Be2 c5 8. dxc5 Qa5 9. 0-0 Qxc5 10. Nb5 Na6 11. c3 Bg4 12. b4 Qb6 13. a4 Ne4 14. Rc1 Qd8 15. Ne5 Bxe2 16. Qxe2 Qc8 17. Rfd1 Rd8 18. f3 Nd6 19. Rxd5 Nxb4 20. Rdd1 Nc6 21. Nxd6 Rxd6 22. Rxd6 exd6 23. Nc4 Ne5 24. Nxd6 Qc6 25. Rd1 Qxa4 26. Nxb7 Qb3 27. Nd6 Qxc3 28. Qa2 Rd8 29. Kh2 Kh7 30. Ne4 Qc8 31. Rxd8 Qxd8 32. Ng5+ Kg8 33. Bxe5 Bxe5+ 34. f4 Qf6 35. fxe5 Qxe5+ 36. g3 Qf5 37. e4 Qf1 38. Qa4 a6 39. Qxa6 Qe2+ 1-0

[Event "IND-ch U11"]
[Site "Visakhapatnam"]
[Date "2023.10.01"]
[Round "2"]
[White "Siddhanth, Poonja"]
[Black "Shitiz, Prasad"]
[Result "1-0"]
[WhiteElo "1781"]
[BlackElo "1298"]
[PlyCount "77"]
[EventDate "2023.10.01"]
[EventType "swiss"]
[EventRounds "11"]
[EventCountry "IND"]
[SourceTitle "EXT 2025"]
[Source "ChessBase"]
[SourceDate "2024.10.14"]
[SourceVersion "1"]
[SourceVersionDate "2024.10.14"]
[SourceQuality "1"]

1. c4 e5 2. Nc3 f5 3. g3 Nf6 4. Bg2 g6 5. e3 Bg7 6. Nge2 0-0 7. 0-0 c6 8. d4 e4 9. b3 d5 10. Ba3 Re8 11. Rc1 Bf8 12. Bxf8 Rxf8 13. cxd5 cxd5 14. b4 Nc6 15. Qb3 Be6 16. Na4 Bf7 17. Rc2 Nd7 18. Rfc1 Nb6 19. Nec3 a6 20. Bf1 Nc4 21. Bxc4 dxc4 22. Qb1 b5 23. Nc5 Bd5 24. a4 bxa4 25. Nxd5 Qxd5 26. Rxc4 a3 27. Qa1 a2 28. Na4 Rab8 29. Rxc6 Rxb4 30. R6c5 Qb3 31. Nc3 g5 32. Qxa2 h6 33. Qxb3+ Rxb3 34. Ra1 f4 35. exf4 gxf4 36. Nxe4 f3 37. Rcc1 Rd8 38. Rd1 Re8 39. Nf6+ 1-0